000 00567nam a22001817a 4500
005 20240430104351.0
010 _aENG-140236
020 _c499.00
_a9789351952589
035 _aEN-123768
037 _bDBAD
082 _a954.16
245 _aCity Of My Heart/
_cBy Rana Safvi
260 _aGurugram
_bHachette Book Publishing India Pvt.Ltd
_c2018
270 _a4th and 5th Floors, Corporate Centre Plot No.94,Sector 44,
_bGurugram
_e122003
300 _a247p.
_c21cm(pb)
500 _aFOR Dilli and Dilliwaalas
942 _2ddc
_cEN
_mCIT
_h954.16
999 _c202402
_d202402